Relato del psicoanálisis de un niño: la conducción del psicoanálisis infantil ilustrada con el tratamiento de un niño de diez años
Збережено в:
| Автор: | |
|---|---|
| Формат: | Книга |
| Мова: | Іспанська |
| Опубліковано: |
Barcelona
Paidós
1993
|
| Редагування: | 2a. ed |
| Серія: | Obras Completas de Melanie Klein, 4
|
| Предмети: | |
| Теги: |
Додати тег
Немає тегів, Будьте першим, хто поставить тег для цього запису!
|
MARC
| LEADER | 00000cam a2200000 a 4500 | ||
|---|---|---|---|
| 001 | UCF2729 | ||
| 003 | CL-VaPUC | ||
| 008 | 120910e19930000SP |||||||||||||||||spa|d | ||
| 020 | |a 8475095712 | ||
| 082 | 0 | 4 | |a 155.4 |b KLE |2 21 |
| 100 | 1 | |a Klein, Melanie |e author |9 307894 | |
| 245 | 1 | 0 | |a Relato del psicoanálisis de un niño: la conducción del psicoanálisis infantil ilustrada con el tratamiento de un niño de diez años |
| 250 | |a 2a. ed | ||
| 300 | |a 460 p | ||
| 942 | |c BK | ||
| 945 | |d 20120910 00:00:00 |a cmena | ||
| 260 | |a Barcelona |b Paidós |c 1993 | ||
| 650 | 0 | |a Psicología del desarrollo |9 307541 | |
| 650 | 0 | |a Psicología del niño |9 307305 | |
| 650 | 0 | |a Psicoanálisis |9 265702 | |
| 650 | 0 | |a Psicología clínica |9 307259 | |
| 650 | 7 | |a PSICOTERAPIA |2 CL-VaPUC |9 564490 | |
| 583 | |a last modification |c 20120910 11:39:00 |k Rodrigo Vera | ||
| 490 | 0 | |a Obras Completas de Melanie Klein, 4 | |
| 999 | |c 349269 |d 349267 | ||
| 952 | |0 0 |1 0 |4 0 |6 155_400000000000000_KLE_1993 |7 0 |8 R |9 451830 |a BIBEDU |b BIBEDU |c MCIRC |d 2019-11-22 |i 4900758 |o 155.4 KLE 1993 |p 4900758 |r 2023-01-13 |w 2019-11-22 |y BK_R |k PSI | ||